| 000 | 00988cam a22003011 4500 | ||
|---|---|---|---|
| 999 |
_c8569 _d8569 |
||
| 001 | 8569 | ||
| 003 | BD-JhCC | ||
| 005 | 20180227175245.0 | ||
| 008 | 180227s1959 njua b 001 0 eng d | ||
| 035 | _a(BD-JhCC)8569 | ||
| 035 | _a(OCoLC)252577 | ||
| 040 |
_aBD-JhCC _cODaWU _dBD-JhCC _dDLC |
||
| 041 | _aeng | ||
| 050 | 0 | 0 |
_aHJ241 _b.S3 1959 |
| 082 |
_a336.73 _bSHU 1959 |
||
| 100 | 1 |
_aShultz, William J. _q(William John), _d1902-1970. |
|
| 245 | 1 | 0 |
_aAmerican public finance _c[by] William J. Shultz [and] C. Lowell Harriss. |
| 250 | _a7th ed. | ||
| 260 |
_aEnglewood Cliffs, N.J., _bPrentice-Hall, _c1959. |
||
| 300 |
_a631 p. _billus. _c24 cm. |
||
| 500 | _aFirst published in 1931 under title: American public finance and taxation. | ||
| 504 | _aIncludes bibliography. | ||
| 650 | 0 |
_aFinance, Public _zUnited States. |
|
| 650 | 0 |
_aTaxation _zUnited States. |
|
| 700 | 1 |
_aHarriss, C. Lowell _q(Clement Lowell), _d1912-2009, |
|
| 942 |
_2ddc _cBK |
||